000
00368nam a2200169Ia 4500
008
221030s9999 xx 000 0 und d
020
_a
8170088593
041
_a
English
082
_a
105.23
100
_a
R. K. Rajput
245
0
_a
Electrical Machines
250
_a
4th
260
_b
Laxmi Pub.
_a
New Delhi
_c
2006
300
_a
1229
650
_a
EE
942
_c
BK
999
_c
5915
_d
5915